Responses for show #7340 - Friday, July 8, 2016

Contestants

Pam Platt, a writer and editor from Louisville, Kentucky

Mike Solano, a speech-language pathology graduate student from Sleepy Hollow, New York

Bonnie Megel, an administrative assistant from Grinnell, Iowa (whose 1-day cash winnings total $31,400)

Jeopardy! Round responses

STATES THAT BEGIN WITH CALIFORN
IS THIS A HAT?
(Alex: We'll give you three items. You tell us which one is a hat.)
CATCH THESE MEN
A PETITE DEJEUNER
"S" WORDS
SNL CRACKS US UP
    $200 16
San Jose

Bonnie
    $200 21
toque

Bonnie
    $200 11
the Unabomber

Pam
    $200 26
a bagel

Pam
    $200 1
slander

Mike
    $200 6
Mark Wahlberg

Pam
    $400 17
Death Valley

Bonnie
    $400 22
Balaclava

Pam
    $2,000 12
John Wilkes Booth

Pam
    $400 30
Egg Beaters

Bonnie
    $400 2
saber

Mike
    $400 10
cowbell

Bonnie
    $600 18
the Rose Bowl

Mike
    $600 23
Homburg

Pam
    $600 15
Argentina

Mike
    $600 29
spinach

Pam
    $600 3
scaffold

Pam
    $600 9
Burt Reynolds

Mike
    $800 19
Oakland

Mike
    $800 24
(Alex: Yes, worn by a priest.)

biretta

Pam
    $800 14
Whitey Bulger

Mike
    $800 28
(Bonnie: What are Pop-Tarts?)
(Pam: Um, oh, uh, what is shredded wheat?)

Mini-Wheats

BonniePam
Triple Stumper
    $800 4
semaphore

Bonnie
    $800 8
Phil Hartman

Mike
    $1000 20
Monterey

Bonnie
    $1000 25
trilby

Bonnie
    $1000 13
Tikrit

Bonnie
    $1000 27
(Mike: What are steel oats? Steeled oats?)

steel-cut

MikePam
    $1000 5
saccharine

Mike
    $1000 7
Kate McKinnon

Pam

Scores at the first commercial break (after clue 15):

Bonnie Mike Pam
$2,200 $4,400 $4,000

Scores at the end of the Jeopardy! Round:

Bonnie Mike Pam
$4,600 $4,800 $6,800

Double Jeopardy! Round responses

RANKS & TITLES
SPORTS ON FILM
(Alex: You have to name the sport the film is about.)
ANATOMY
SAY IT IN SWEDISH
AMERICAN DRAMATISTS
AN "F" IN HISTORY
    $400 24
(Mike: Who is the dean?)
(Pam: What's the provost?)
...
(Alex: A word which has three R's.)

the registrar

MikePam
Triple Stumper
    $400 2
(Alex: I figured you'd get that one.)

baseball

Mike
    $400 11
the tongue

Bonnie
    $400 20
a helmet

Mike
    $400 15
Tennessee Williams

Pam
    $400 1
furs

Mike
    $800 25
the vicar

Bonnie
    $800 3
wrestling

Pam
    $800 12
ribs

Mike
    $800 21
nude

Mike
    $800 16
Arthur Miller

Pam
    $800 5
free trade

Bonnie
    $1200 26
monsignor

Bonnie
    $1200 8
golf

Mike
    $1200 13
lymph nodes

Pam
    $1200 23
(Pam: What is taxation?) (Alex: Be a little more specific.)

income tax

Pam
    $1200 17
Sam Shepard

Pam
    $1200 6
(Robert) Fulton

Mike
    $4,000 27
(Bonnie: What is cavalier?)

chevalier

Bonnie
    $1600 7
(Mike: What is... baseball?)

track (or running)

MikePam
    $1600 14
the ulnar nerve

Triple Stumper
    $5,000 29
butter

Bonnie
    $1600 18
Clare Boothe Luce

Bonnie
    $1600 9
Fair

Mike
    $2000 28
commodore

Bonnie
    $2000 4
basketball

Bonnie
    $2000 22
the sartorius

Triple Stumper
    $2000 30
a bird

Triple Stumper
    $2000 19
William Inge

Pam
    $2000 10
(Mike: What is the Freeman's Bureau?)
(Bonnie: What is the Freeman's Bureau?)

the Freedmen's Bureau

BonnieMike
Triple Stumper

Scores at the end of the Double Jeopardy! Round:

Bonnie Mike Pam
$12,400 $7,600 $15,600

[wagering suggestions for these scores]

Final Jeopardy! Round responses

TRANSPORTATION
MikeWhat is Shangai?
$3,400
BonnieWhat is Vladivostok?
$9,300
PamWhat is Vladivostok?
$12,000
Vladivostok

Final scores:

Bonnie Mike Pam
$21,700 $4,200 $27,600
2nd place: $2,000 3rd place: $1,000 New champion: $27,600

Game dynamics:

Coryat scores:

Bonnie Mike Pam
$13,000 $7,600 $14,000
17 R
(including 1 DD),
3 W
(including 1 DD)
17 R,
4 W
19 R
(including 1 DD),
2 W

Combined Coryat: $34,600

The J! Archive is created by fans, for fans. The Jeopardy! game show and all elements thereof, including but not limited to copyright and trademark thereto, are the property of Jeopardy Productions, Inc. and are protected under law. This website is not affiliated with, sponsored by, or operated by Jeopardy Productions, Inc. Join the discussion at JBoard.tv.